The matter of courtesy : Medieval courtesy books and the Gawain-poet /

Bibliographic Details
Main Author: Nicholls, Jonathan (Jonathan W.)
Format: Book
Language:English
Published: Woodbridge, Suffolk : D.S. Brewer, 1985.
Subjects:

MARC

Tag First Indicator Second Indicator Subfields
LEADER 00000pam a2200000 a 4500
001 in00000584513
005 20160115090424.0
008 841026s1985 enk b 00110 eng
010 |a  84024599  
020 |a 0859911853 
035 |a (OCoLC)11399394 
035 |9 ACP1968AM 
039 0 |a 2  |b 3  |c 3  |d 3  |e 3 
040 |a DLC  |c DLC  |d TXA  |d UtOrBLW 
043 |a e-uk-en 
049 |a TXAM  |c [A08455688] 
050 0 0 |a PR1972.G353  |b N5 1985 
082 0 |a 821/.1/09  |2 19 
100 1 |a Nicholls, Jonathan  |q (Jonathan W.) 
245 1 4 |a The matter of courtesy :  |b Medieval courtesy books and the Gawain-poet /  |c Jonathan Nicholls. 
264 1 |a Woodbridge, Suffolk :  |b D.S. Brewer,  |c 1985. 
300 |a x, 241 pages ;  |c 24 cm. 
336 |a text  |b txt  |2 rdacontent 
337 |a unmediated  |b n  |2 rdamedia 
338 |a volume  |b nc  |2 rdacarrier 
500 |a Based on thesis (doctoral)--Cambridge, 1983. 
500 |a Includes index. 
504 |a Bibliography: pages 203-232. 
630 0 0 |a Patience (Middle English poem) 
630 0 0 |a Purity (Middle English poem) 
630 0 0 |a Pearl (Middle English poem) 
630 0 0 |a Sir Gawain and the Green Knight. 
650 0 |a English poetry  |y Middle English, 1100-1500  |x History and criticism. 
650 0 |a Courtesy in literature. 
650 0 |a Courtesy. 
999 |a MARS 
999 f f |s f12ef8e9-334f-3806-b114-4f94fcad6939  |i d21d476f-1cdd-30b2-8ed3-f1d36c4f1e34  |t 0 
952 f f |p normal  |a Texas A&M University  |b College Station  |c Sterling C. Evans Library  |d Evans: Library Stacks  |t 0  |e PR1972.G353 N5 1985  |h Library of Congress classification  |i unmediated -- volume  |m A14808455688 
998 f f |a PR1972.G353 N5 1985  |t 0  |l Evans: Library Stacks